000 00436nam a2200157Ia 4500
008 210716s2000 xx 000 0 und d
020 _a9780130205452
041 _aeng
082 _a519.5 EVAJ
100 _aEvans, James R; Olson, David L.
245 _aStatistics data analysis and decision modeling.
250 _a1
260 _aNew Jersey
_bPrentice Hall
_c2000
300 _axii,329
650 _aStatistical Mathematics(519.5)
999 _c203033
_d203033